Political parties and party system in Pakistan / (Record no. 17072)

MARC details
000 -LEADER
fixed length control field 00747 aa a2200205 4500
008 - FIXED-LENGTH DATA ELEMENTS--GENERAL INFORMATION
fixed length control field 081020t xxu||||| |||| 00| 0 eng d
010 ## - LIBRARY OF CONGRESS CONTROL NUMBER
LC control number ENG-84105
020 ## - INTERNATIONAL STANDARD BOOK NUMBER
International Standard Book Number 8176298514
020 ## - INTERNATIONAL STANDARD BOOK NUMBER
Terms of availability 380.00 (hb)
035 ## - SYSTEM CONTROL NUMBER
System control number EN-67638
082 ## - DEWEY DECIMAL CLASSIFICATION NUMBER
Classification number 3214.254
100 ## - MAIN ENTRY--PERSONAL NAME
Personal name Verma, Monika
245 ## - TITLE STATEMENT
Title Political parties and party system in Pakistan /
Statement of responsibility, etc by Monika Verma
260 ## - PUBLICATION, DISTRIBUTION, ETC. (IMPRINT)
Place of publication, distribution, etc New Delhi
Name of publisher, distributor, etc Deep and Deep Publications
260 ## - PUBLICATION, DISTRIBUTION, ETC. (IMPRINT)
Date of publication, distribution, etc 2006
300 ## - PHYSICAL DESCRIPTION
Extent viii,107p
Dimensions 22cm
500 ## - GENERAL NOTE
General note Includes bibliographical references and index
942 ## - ADDED ENTRY ELEMENTS (KOHA)
Source of classification or shelving scheme Dewey Decimal Classification
Koha item type English Books
Classification part 3214.254
Call number suffix VER
Holdings
Withdrawn status Lost status Source of classification or shelving scheme Damaged status Not for loan Home library Current library Date acquired Cost, normal purchase price Total Checkouts Full call number Barcode Date last seen Copy number Cost, replacement price Price effective from Koha item type
    Dewey Decimal Classification   Not For Loan D.B.Act.Division D.B.Act.Division 26/02/2007 380.00   3214.254 VER EN-67638 21/10/2008 1 380.00 21/10/2008 English Books

© Delhi Public Library
Hit Counter
free hit counter